Statistiken für Länder, die Sizilien am nächsten liegen - Einminütiger Sprint

Klicken Sie hier um das Quiz zu spielen!

Allgemein

  • Dieses Quiz wurde 70 mal gespielt
  • Das Durchschnittsergebnis liegt bei 12 aus 20

Antwortstatistiken

kmLand% Korrekt
738Spanien
93%
463Frankreich
91%
214Algerien
88%
71Tunesien
88%
81Malta
86%
760Monaco
77%
366Griechenland
75%
445Libyen
71%
394Albanien
70%
415Vatikanstadt
68%
634San Marino
61%
504Kroatien
57%
506Montenegro
52%
581Kosovo
48%
530Bosnien und
Herzegowina
46%
642Serbien
45%
527Nordmazedonien
38%
792Slowenien
38%
710Bulgarien
16%
852Ungarn
7%

Verteilung der Resultate

Perzentil nach korrekt beantworteten Fragen

Anzahl Personen mit jedem Resultat

Ihre Resultats-Entwicklung

Sie haben dieses Quiz noch nicht gespielt